000 00676cam a2200229 4500
001 ABS67117
008 031031n2003 000 0 eng u
035 _a(Sirsi) u124204
100 _aMoore, S.
245 _aRekindled passion
260 _c2003
490 _aSpectator
_v11 October 2003, 56-57(2)
520 _aHighlights the revival of interest in the Italian art market. Gives examples of recent sales and auctions. Notes the globalisation of the art market.
590 _aABS
650 _aITALY
650 _aEUROPE
650 _aAuctioneering
_96218
650 _aWORKS OF ART
650 _aART MARKET
690 _aArts and antiques
_96217
942 _n0
999 _c73732
_d73732